书目信息 |
| 题名: |
会议英语技巧
|
|
| 作者: | 佩勒姆, , 菲利普斯, 著 | |
| 分册: | ||
| 出版信息: | 上海 上海外语教育出版社 1997.06 |
|
| 页数: | 124页 | |
| 开本: | 19cm | |
| 丛书名: | 上海-朗文商务英语会话系列 | |
| 单 册: | ||
| 中图分类: | H319.9 | |
| 科图分类: | ||
| 主题词: | 英语--会议--口语 | |
| 电子资源: | ||
| ISBN: | 7-81046-029-3 | |
| 000 | 00984nam2 2200265 450 | |
| 001 | 0177987044 | |
| 005 | 20050906155242.05 | |
| 010 | @a7-81046-029-3@dCNY5.00 | |
| 100 | @a20050421d1997 km y0chiy0120 ea | |
| 101 | 2 | @achi@aeng@ceng |
| 102 | @aCN@b310000 | |
| 105 | @ay z 000yy | |
| 200 | 1 | @a会议英语技巧@Ahui yi ying yu ji qiao@d= Business meetings@fLinda Pelham, Ruth Phillips著@FLinda Pelham,Ruth Phillips zhu@zeng |
| 210 | @a上海@c上海外语教育出版社@d1997.06 | |
| 215 | @a124页@d19cm | |
| 225 | 2 | @a上海-朗文商务英语会话系列 |
| 330 | @a本书主要讲述的会议英语,内容包括: 商谈产品、进一步提供产品的信息、商议与谈判、 结束会晤、 词汇表等。 | |
| 410 | 0 | @12001 @a上海-朗文商务英语会话系列 |
| 510 | 1 | @aBusiness meetings@zeng |
| 606 | 0 | @a英语@x会议@x口语 |
| 690 | @aH319.9@v4 | |
| 701 | 1 | @a佩勒姆,@Apei le mu,@bL.@g(Pelham, Linda)@4著 |
| 701 | 1 | @a菲利普斯,@Afei li pu si,@bR.@g(Phillips, Ruth)@4著 |
| 801 | 0 | @aCN@bQSSK@c20050906 |
| 905 | @a10447@dH319.9@eP425 | |
| 会议英语技巧= Business meetings/Linda Pelham, Ruth Phillips著.-上海:上海外语教育出版社,1997.06 |
| 124页;19cm.-(上海-朗文商务英语会话系列) |
| ISBN 7-81046-029-3:CNY5.00 |
| 本书主要讲述的会议英语,内容包括: 商谈产品、进一步提供产品的信息、商议与谈判、 结束会晤、 词汇表等。 |
| ● |
| 相关链接 |
|
|
|
正题名:会议英语技巧
索取号:H319.9/P425
 
预约/预借
| 序号 | 登录号 | 条形码 | 馆藏地/架位号 | 状态 | 备注 |
| 1 | 560098 | 205600982 | 语言库209/209语言库 105排2列5层/ [索取号:H319.9/P425] | 在馆 | |
| 2 | 560099 | 205600991 | 语言库209/209语言库 105排2列5层/ [索取号:H319.9/P425] | 在馆 | |
| 3 | 560100 | 205601008 | 语言库209/209语言库 105排2列5层/ [索取号:H319.9/P425] | 在馆 |